Northern Ireland - Statistics

General Stats
  • This quiz has been taken 38 times
  • The average score is 5 of 26
Answer Stats
Hint Answer % Correct
Capital city Name Belfast
76%
Name of the inhabitants The Irish
60%
Saint Saint Patrick
48%
River The Lagan
48%
Nicknames Ulster
48%
Symbols Flower Shamrock
36%
Landmark The Giant's Causeway
36%
Coulour Green
32%
Legend The Red Hand of Ulster
28%
Buildings City Hall
20%
Population 1.8 million
8%
Eire
4%
Grand Opera House
4%
Linen Hall Library
4%
Motto in latin Quis separabit ?
4%
Flag St Patrick's Cross
4%
in english Who will separate us ?
4%
Population 639.000
0%
Hibernia
0%
Irishman / Irishwoman
0%
Animal Leprechaun
0%
Mick
0%
Paddy
0%
The Emerald Island
0%
The Peace walls
0%
The Republic of Ireland's flag
0%
No matching quizzes found
Score Distribution
Percent of People with Each Score
Percentile by Number Answered
Your Score History
You have not taken this quiz